000 00501nam a2200205Ia 4500
003 GCL
008 140319s9999 xx 000 0 eng d
040 _aGCL /
_cGCL
082 0 4 _a728.5
_bB N
100 1 _aRIEEWOLDT, ALTO
245 1 0 _aNEW HOTEL DESIGN /
_cRIEEWOLDT, ALTO
700 1 _aBANGERT, ALBRECHT
260 _a[S.N] :
_bLAURENCE KING ،
_c1993
300 _a255 p
650 0 4 _aDESIGN
650 0 4 _aARCHITECTURE
650 0 4 _aHOTELS, TAVERNS
650 0 4 _aHOTELS
942 _2ddc
_cBK
999 _c17246
_d17246